00971cam a22002533a 45000010005000000030006000050050017000110080041000280400015000690420007000840500007000912450065000982600029001635050197001925060030003895160020004196530056004397000031004957000042005267000044005687000036006128300028006488560041006769987PGUSA20140828083218.0060201s2006||||xxu|||||s|||||000 | eng d aPGUSAbeng adc 4aPQ10aStories by Foreign Authors :bSpanishh[electronic resource] bProject Gutenberg,c20060 aThe tall woman / P.A. de Alarcón -- The white butterfly / J. Selgas -- The organist / G.A. Bécquer -- Moors and Christians / P.A. de Alarcón -- Bread cast upon the waters / F. Caballero. aPublic domain in the USA. aElectronic text aShort stories, Spanish -- Translations into English1 aSelgas, José,d1824-18821 aBécquer, Gustavo Adolfo,d1836-18701 aAlarcón, Pedro Antonio de,d1833-18911 aCaballero, Fernán,d1796-1877 0aProject Gutenbergv998740uhttp://www.gutenberg.org/ebooks/9987